The college survival instruction book /

Bibliographic Details
Main Author: Mott, Steve, 1961-
Corporate Author: NetLibrary, Inc
Other Authors: Lutz, Susan, 1964-
Format: eBook
Language:English
Published: Franklin Lakes, NJ : Career Press, [1996]
Subjects:
Online Access:Connect to the full text of this electronic book

MARC

Tag First Indicator Second Indicator Subfields
LEADER 00000cam a2200000La 4500
001 in00002029708
005 20220105141926.0
006 m u
007 cr cn-
008 000807s1996 nju s 000 0 eng d
020 |a 0585202001 (electronic bk.) 
035 |a (OCoLC)ocm44957165 
040 |a N$T  |c N$T  |d OCL  |d OCLCQ  |d UtOrBLW 
043 |a n-us--- 
049 |a IICN 
050 1 4 |a LB2343.32  |b .M68 1996eb 
082 0 4 |a 378.1/98  |2 20 
100 1 |a Mott, Steve,  |d 1961-  |0 http://id.loc.gov/authorities/names/n96043630 
245 1 4 |a The college survival instruction book /  |c by Steve Mott and Susan Lutz. 
264 1 |a Franklin Lakes, NJ :  |b Career Press,  |c [1996] 
264 4 |c ©1996 
300 |a 127 pages ;  |c 11 x 16 cm. 
336 |a text  |b txt  |2 rdacontent 
337 |a computer  |b c  |2 rdamedia 
338 |a online resource  |b cr  |2 rdacarrier 
533 |a Electronic reproduction.  |b Boulder, Colo. :  |c NetLibrary,  |d 2000.  |n Available via the World Wide Web.  |n Available in multiple electronic file formats.  |n Access may be limited to NetLibrary affiliated libraries. 
500 |a Electronic resource. 
650 0 |a College student orientation  |z United States.  |0 http://id.loc.gov/authorities/subjects/sh2008100129 
655 7 |a Electronic books.  |2 local 
700 1 |a Lutz, Susan,  |d 1964-  |0 http://id.loc.gov/authorities/names/n96043638 
710 2 |a NetLibrary, Inc.  |0 http://id.loc.gov/authorities/names/no99080690 
776 1 |c Original  |z 1564142485  |w (DLC) 96020939  |w (OCoLC)34699575 
856 4 1 |u https://proxy.library.tamu.edu/login?url=http://www.netLibrary.com/urlapi.asp?action=summary&v=1&bookid=25052  |z Connect to the full text of this electronic book  |t 0 
994 |a 92  |b IIC 
999 |a MARS 
999 f f |s 4e8cedb4-7959-390b-b11a-9b75066aab8f  |i 1343729a-7633-3f4b-ad41-7c51983c1fd4  |t 0 
952 f f |a Texas A&M University  |b College Station  |c Electronic Resources  |d Available Online  |t 0  |e LB2343.32 .M68 1996eb  |h Library of Congress classification 
998 f f |a LB2343.32 .M68 1996eb  |t 0  |l Available Online